000
00264nam a22001217a 4500
008
170329b xxu||||| |||| 00| 0 eng d
041
_a
eng
080
_a
616-053.2
100
_a
8
101
_a
SHM
245
_a
TEXTBOOK OF PEDIATRICS
_c
NELSON
942
_2
udc
_c
BK
999
_c
8961
_d
8961